Countries with their Name on their Flag - Statistics

General Stats
  • This quiz has been taken 25 times
    11 since last reset
  • The average score is 3 of 6
Answer Stats
Language Country % Correct
Spanish Paraguay
82%
Spanish El Salvador
55%
Spanish Bolivia
45%
Spanish Nicaragua
45%
Spanish Dominican Republic
36%
Arabic Egypt
36%
No matching quizzes found
Score Distribution
Percent of People with Each Score
Percentile by Number Answered
Your Score History
You have not taken this quiz since the last reset